[Event "Storsjodraget 2022"]
[Site "Ostersund"]
[Date "2022.06.10"]
[Round "3"]
[Board "6"]
[White "Soderstrom, Adrian"]
[Black "Lind, Jan-Olov"]
[Result "1-0"]
[WhiteElo "2278"]
[BlackElo "2169"]
[PlyCount "0"]
[EventDate "2022.06.10"]
[EventRounds "7"]
[EventCountry "SWE"]

1. d4 {[%clk 00:15:07]} {[%emt 00:00:02]} g6 {[%clk 00:15:03]} {[%emt
00:00:08]} 2. e4 {[%clk 00:15:14]} {[%emt 00:00:02]} Bg7 {[%clk 00:15:11]}
{[%emt 00:00:03]} 3. c4 {[%clk 00:15:18]} {[%emt 00:00:01]} d6 {[%clk
00:15:12]} {[%emt 00:00:04]} 4. Nc3 {[%clk 00:15:19]} {[%emt 00:00:04]} Nf6
{[%clk 00:15:15]} {[%emt 00:00:01]} 5. Be2 {[%clk 00:15:22]} {[%emt 00:00:02]}
O-O {[%clk 00:15:17]} {[%emt 00:00:04]} 6. Be3 {[%clk 00:15:26]} {[%emt
00:00:01]} Nbd7 {[%clk 00:15:01]} {[%emt 00:00:22]} 7. Qc2 {[%clk 00:15:18]}
{[%emt 00:00:12]} c6 {[%clk 00:14:58]} {[%emt 00:00:08]} 8. h3 {[%clk
00:13:29]} {[%emt 00:01:54]} a6 {[%clk 00:14:59]} {[%emt 00:00:05]} 9. a4
{[%clk 00:12:59]} {[%emt 00:00:35]} a5 {[%clk 00:15:01]} {[%emt 00:00:03]} 10.
Nf3 {[%clk 00:13:01]} {[%emt 00:00:02]} e5 {[%clk 00:15:01]} {[%emt 00:00:05]}
11. O-O {[%clk 00:12:40]} {[%emt 00:00:27]} exd4 {[%clk 00:14:50]} {[%emt
00:00:16]} 12. Nxd4 {[%clk 00:12:39]} {[%emt 00:00:05]} Re8 {[%clk 00:14:46]}
{[%emt 00:00:10]} 13. Rfe1 {[%clk 00:11:47]} {[%emt 00:00:56]} Nc5 {[%clk
00:14:32]} {[%emt 00:00:19]} 14. Bf3 {[%clk 00:11:40]} {[%emt 00:00:12]} Qe7
{[%clk 00:13:48]} {[%emt 00:00:49]} 15. Rad1 {[%clk 00:11:08]} {[%emt
00:00:37]} Bd7 {[%clk 00:13:19]} {[%emt 00:00:34]} 16. Bf4 {[%clk 00:10:50]}
{[%emt 00:00:23]} Rad8 {[%clk 00:12:04]} {[%emt 00:01:20]} 17. Nb3 {[%clk
00:09:38]} {[%emt 00:01:17]} Nxb3 {[%clk 00:09:32]} {[%emt 00:02:37]} 18. Bxd6
{[%clk 00:08:49]} {[%emt 00:00:53]} Na1 {[%clk 00:09:26]} {[%emt 00:00:12]} 19.
Qb1 {[%clk 00:07:28]} {[%emt 00:01:27]} Qe6 {[%clk 00:09:17]} {[%emt 00:00:13]}
20. Qxa1 {[%clk 00:07:18]} {[%emt 00:00:15]} Bc8 {[%clk 00:08:25]} {[%emt
00:00:57]} 21. e5 {[%clk 00:07:01]} {[%emt 00:00:22]} Nd7 {[%clk 00:07:49]}
{[%emt 00:00:41]} 22. Bg4 {[%clk 00:06:26]} {[%emt 00:00:41]} f5 {[%clk
00:07:18]} {[%emt 00:00:35]} 23. exf6 {[%clk 00:06:23]} {[%emt 00:00:08]} Qxf6
{[%clk 00:07:18]} {[%emt 00:00:04]} 24. Bc7 {[%clk 00:06:07]} {[%emt 00:00:21]}
Rxe1+ {[%clk 00:06:45]} {[%emt 00:00:40]} 25. Rxe1 {[%clk 00:06:10]} {[%emt
00:00:01]} Rf8 {[%clk 00:06:39]} {[%emt 00:00:11]} 26. Re2 {[%clk 00:05:56]}
{[%emt 00:00:19]} Nc5 {[%clk 00:06:23]} {[%emt 00:00:22]} 27. Be5 {[%clk
00:05:44]} {[%emt 00:00:16]} Qd8 {[%clk 00:05:28]} {[%emt 00:01:00]} 28. Bxg7
{[%clk 00:05:39]} {[%emt 00:00:10]} Kxg7 {[%clk 00:05:29]} {[%emt 00:00:04]} 29.
Bxc8 {[%clk 00:05:37]} {[%emt 00:00:07]} Qxc8 {[%clk 00:05:29]} {[%emt
00:00:06]} 30. Re7+ {[%clk 00:05:31]} {[%emt 00:00:10]} Rf7 {[%clk 00:05:18]}
{[%emt 00:00:16]} 31. Qe1 {[%clk 00:05:32]} {[%emt 00:00:04]} Qf5 {[%clk
00:04:38]} {[%emt 00:00:45]} 32. Qe3 {[%clk 00:03:49]} {[%emt 00:01:48]} b6
{[%clk 00:03:05]} {[%emt 00:01:39]} 33. Qd4+ {[%clk 00:03:43]} {[%emt
00:00:10]} Qf6 {[%clk 00:02:51]} {[%emt 00:00:20]} 34. Rxf7+ {[%clk 00:03:06]}
{[%emt 00:00:42]} Kxf7 {[%clk 00:02:53]} {[%emt 00:00:02]} 35. Qe3 {[%clk
00:03:09]} {[%emt 00:00:01]} Kg7 {[%clk 00:02:02]} {[%emt 00:00:56]} 36. g3
{[%clk 00:03:10]} {[%emt 00:00:06]} Qe6 {[%clk 00:01:44]} {[%emt 00:00:23]} 37.
Qf4 {[%clk 00:03:03]} {[%emt 00:00:10]} Qe7 {[%clk 00:01:42]} {[%emt 00:00:08]}
38. h4 {[%clk 00:02:54]} {[%emt 00:00:15]} Nb3 {[%clk 00:01:22]} {[%emt
00:00:25]} 39. Kh2 {[%clk 00:02:27]} {[%emt 00:00:32]} Nc5 {[%clk 00:01:26]}
{[%emt 00:00:01]} 40. Qb8 {[%clk 00:02:24]} {[%emt 00:00:09]} Qf7 {[%clk
00:01:00]} {[%emt 00:00:30]} 41. Qe5+ {[%clk 00:02:27]} {[%emt 00:00:02]} Qf6
{[%clk 00:01:01]} {[%emt 00:00:05]} 42. Qc7+ {[%clk 00:02:31]} Qf7 {[%clk
00:01:05]} {[%emt 00:00:01]} 43. Qe5+ {[%clk 00:02:22]} {[%emt 00:00:14]} Qf6
{[%clk 00:01:10]} 44. Qe3 {[%clk 00:02:26]} h5 {[%clk 00:01:10]} {[%emt
00:00:06]} 45. Kg1 {[%clk 00:02:17]} {[%emt 00:00:13]} Kh7 {[%clk 00:01:13]}
{[%emt 00:00:02]} 46. Qe8 {[%clk 00:02:04]} {[%emt 00:00:17]} Qe6 {[%clk
00:01:10]} {[%emt 00:00:09]} 47. Qd8 {[%clk 00:01:38]} {[%emt 00:00:32]} Nd7
{[%clk 00:01:07]} {[%emt 00:00:07]} 48. Qc7 {[%clk 00:01:35]} {[%emt 00:00:07]}
Kg7 {[%clk 00:01:01]} {[%emt 00:00:12]} 49. Kh2 {[%clk 00:01:25]} {[%emt
00:00:15]} Kh6 {[%clk 00:00:56]} {[%emt 00:00:10]} 50. Qf4+ {[%clk 00:01:13]}
{[%emt 00:00:17]} Kg7 {[%clk 00:00:59]} {[%emt 00:00:01]} 51. Qd4+ {[%clk
00:01:17]} Kh7 {[%clk 00:01:02]} {[%emt 00:00:03]} 52. Ne4 {[%clk 00:01:19]}
{[%emt 00:00:02]} Ne5 {[%clk 00:00:58]} {[%emt 00:00:10]} 53. Ng5+ {[%clk
00:01:22]} {[%emt 00:00:02]} Kh6 {[%clk 00:00:59]} {[%emt 00:00:04]} 54. Nxe6
{[%clk 00:01:23]} {[%emt 00:00:04]} Nf3+ {[%clk 00:01:03]} {[%emt 00:00:01]} 55.
Kg2 {[%clk 00:01:27]}  1-0

[Event "Storsjodraget 2022"]
[Site "Ostersund"]
[Date "2022.06.10"]
[Round "2"]
[Board "3"]
[White "Oksendal, Martin"]
[Black "Soderstrom, Adrian"]
[Result "1/2-1/2"]
[WhiteElo "1990"]
[BlackElo "2278"]
[PlyCount "0"]
[EventDate "2022.06.10"]
[EventRounds "7"]
[EventCountry "SWE"]

1. e4 {[%clk 00:14:56]} {[%emt 00:00:13]} e5 {[%clk 00:15:07]} {[%emt
00:00:04]} 2. Nf3 {[%clk 00:15:00]} Nc6 {[%clk 00:15:10]} {[%emt 00:00:02]} 3.
Nc3 {[%clk 00:14:55]} {[%emt 00:00:09]} Nf6 {[%clk 00:15:13]} {[%emt 00:00:02]}
4. d4 {[%clk 00:14:56]} {[%emt 00:00:04]} exd4 {[%clk 00:15:16]} {[%emt
00:00:03]} 5. Nxd4 {[%clk 00:14:59]} {[%emt 00:00:02]} Bb4 {[%clk 00:15:17]}
{[%emt 00:00:03]} 6. Nxc6 {[%clk 00:15:00]} {[%emt 00:00:05]} bxc6 {[%clk
00:15:19]} {[%emt 00:00:04]} 7. Bd3 {[%clk 00:15:02]} {[%emt 00:00:01]} d5
{[%clk 00:15:15]} {[%emt 00:00:09]} 8. Bd2 {[%clk 00:14:58]} {[%emt 00:00:11]}
O-O {[%clk 00:14:45]} {[%emt 00:00:33]} 9. O-O {[%clk 00:15:01]} {[%emt
00:00:03]} Re8 {[%clk 00:14:14]} {[%emt 00:00:36]} 10. Re1 {[%clk 00:14:19]}
{[%emt 00:00:47]} Rb8 {[%clk 00:13:23]} {[%emt 00:00:56]} 11. a3 {[%clk
00:12:15]} {[%emt 00:02:09]} Bd6 {[%clk 00:13:01]} {[%emt 00:00:25]} 12. Bg5
{[%clk 00:11:37]} {[%emt 00:00:43]} d4 {[%clk 00:12:15]} {[%emt 00:00:52]} 13.
e5 {[%clk 00:10:07]} {[%emt 00:01:36]} Rxe5 {[%clk 00:10:57]} {[%emt 00:01:23]}
14. Ne4 {[%clk 00:09:22]} {[%emt 00:00:49]} Rxg5 {[%clk 00:05:53]} {[%emt
00:05:09]} 15. Nxg5 {[%clk 00:09:14]} {[%emt 00:00:13]} Bg4 {[%clk 00:05:56]}
{[%emt 00:00:02]} 16. f3 {[%clk 00:08:17]} {[%emt 00:01:02]} Bh5 {[%clk
00:05:54]} {[%emt 00:00:06]} 17. b3 {[%clk 00:07:52]} {[%emt 00:00:32]} Nd5
{[%clk 00:05:40]} {[%emt 00:00:18]} 18. Ne4 {[%clk 00:05:57]} {[%emt 00:02:00]}
Bf4 {[%clk 00:05:44]} {[%emt 00:00:01]} 19. g3 {[%clk 00:05:30]} {[%emt
00:00:33]} Be3+ {[%clk 00:05:46]} {[%emt 00:00:01]} 20. Kg2 {[%clk 00:05:29]}
{[%emt 00:00:07]} f5 {[%clk 00:05:43]} {[%emt 00:00:07]} 21. Nc5 {[%clk
00:05:14]} {[%emt 00:00:21]} Qd6 {[%clk 00:04:32]} {[%emt 00:01:16]} 22. b4
{[%clk 00:04:57]} {[%emt 00:00:23]} Kh8 {[%clk 00:03:55]} {[%emt 00:00:40]} 23.
Bxf5 {[%clk 00:04:01]} {[%emt 00:01:02]} Rf8 {[%clk 00:03:59]} {[%emt
00:00:01]} 24. Qd3 {[%clk 00:03:51]} {[%emt 00:00:15]} Qf6 {[%clk 00:03:06]}
{[%emt 00:00:58]} 25. Nd7 {[%clk 00:02:52]} {[%emt 00:01:05]} Qxf5 {[%clk
00:03:09]} {[%emt 00:00:02]} 26. Qxf5 {[%clk 00:02:45]} {[%emt 00:00:12]} Rxf5
{[%clk 00:03:13]} {[%emt 00:00:01]} 27. g4 {[%clk 00:02:34]} {[%emt 00:00:15]}
Nf4+ {[%clk 00:02:56]} {[%emt 00:00:22]} 28. Kg3 {[%clk 00:02:07]} {[%emt
00:00:32]} Rd5 {[%clk 00:02:27]} {[%emt 00:00:34]} 29. Rxe3 {[%clk 00:01:37]}
{[%emt 00:00:35]} dxe3 {[%clk 00:02:31]} {[%emt 00:00:01]} 30. Kxf4 {[%clk
00:01:36]} {[%emt 00:00:06]} Bg6 {[%clk 00:01:46]} {[%emt 00:00:51]} 31. Nc5
{[%clk 00:01:22]} {[%emt 00:00:19]} e2 {[%clk 00:01:21]} {[%emt 00:00:30]} 32.
Re1 {[%clk 00:01:15]} {[%emt 00:00:11]} Rd2 {[%clk 00:01:25]} {[%emt 00:00:02]}
33. Ke3 {[%clk 00:00:53]} {[%emt 00:00:27]} Rxc2 {[%clk 00:01:28]} {[%emt
00:00:02]} 34. Rxe2 {[%clk 00:00:56]} Rc3+ {[%clk 00:01:30]} {[%emt 00:00:03]}
35. Kf2 {[%clk 00:01:00]} {[%emt 00:00:01]} Rxa3 {[%clk 00:01:19]} {[%emt
00:00:16]} 36. Re7 {[%clk 00:01:03]} {[%emt 00:00:02]} h6 {[%clk 00:01:04]}
{[%emt 00:00:20]} 37. Rxc7 {[%clk 00:01:04]} {[%emt 00:00:05]} Ra2+ {[%clk
00:00:57]} {[%emt 00:00:12]} 38. Kg3 {[%clk 00:01:06]} {[%emt 00:00:03]} Rb2
{[%clk 00:00:48]} {[%emt 00:00:14]} 39. Rxc6 {[%clk 00:01:08]} {[%emt
00:00:03]} Kh7 {[%clk 00:00:29]} {[%emt 00:00:23]} 40. Rc7 {[%clk 00:01:02]}
{[%emt 00:00:11]} Kg8 {[%clk 00:00:16]} {[%emt 00:00:19]} 41. Ne6 {[%clk
00:00:30]} {[%emt 00:00:37]} Bf7 {[%clk 00:00:20]} 42. Nd8 {[%clk 00:00:20]}
{[%emt 00:00:16]} Bd5 {[%clk 00:00:16]} {[%emt 00:00:08]} 43. Rd7 {[%clk
00:00:21]} {[%emt 00:00:04]} Bc4 {[%clk 00:00:16]} {[%emt 00:00:05]} 44. Nc6
{[%clk 00:00:12]} {[%emt 00:00:14]} Bb5 {[%clk 00:00:19]} {[%emt 00:00:02]} 45.
Ne7+ {[%clk 00:00:09]} {[%emt 00:00:08]} Kh7 {[%clk 00:00:22]} {[%emt
00:00:02]} 46. Rxa7 {[%clk 00:00:13]} {[%emt 00:00:02]} Bd3 {[%clk 00:00:11]}
{[%emt 00:00:16]} 47. Rb7 {[%clk 00:00:08]} {[%emt 00:00:10]} Rb3 {[%clk
00:00:15]} 48. Kf4 {[%clk 00:00:10]} {[%emt 00:00:03]} Be2 {[%clk 00:00:18]}
{[%emt 00:00:02]} 49. Nf5 {[%clk 00:00:13]} {[%emt 00:00:02]} Rxf3+ {[%clk
00:00:18]} {[%emt 00:00:05]} 50. Ke5 {[%clk 00:00:17]} {[%emt 00:00:01]} Kh8
{[%clk 00:00:13]} {[%emt 00:00:10]} 51. Rb8+ {[%clk 00:00:11]} {[%emt
00:00:11]} Kh7 {[%clk 00:00:17]} 52. Rb7 {[%clk 00:00:15]} Kh8 {[%clk
00:00:21]} {[%emt 00:00:02]} 53. Nxg7 {[%clk 00:00:09]} {[%emt 00:00:11]} Re3+
{[%clk 00:00:23]} {[%emt 00:00:03]} 54. Kf4 {[%clk 00:00:09]} {[%emt 00:00:04]}
Rc3 {[%clk 00:00:23]} {[%emt 00:00:05]} 55. Nf5 {[%emt 00:00:07]} Rc4+ {[%clk
00:00:26]} 56. Ke5 {[%clk 00:00:12]} {[%emt 00:00:02]} Bxg4 {[%clk 00:00:22]}
{[%emt 00:00:09]} 57. Nxh6 {[%clk 00:00:15]} {[%emt 00:00:01]} Bf3 {[%clk
00:00:20]} {[%emt 00:00:08]} 58. Rb8+ {[%clk 00:00:12]} {[%emt 00:00:07]} Kh7
{[%clk 00:00:24]} {[%emt 00:00:02]} 59. Nf5 {[%clk 00:00:16]} Rc2 {[%clk
00:00:13]} {[%emt 00:00:15]} 60. b5 {[%clk 00:00:12]} {[%emt 00:00:10]} Re2+
{[%clk 00:00:15]} {[%emt 00:00:03]} 61. Kd6 {[%clk 00:00:12]} {[%emt 00:00:04]}
Rxh2 {[%clk 00:00:13]} {[%emt 00:00:07]} 62. b6 {[%clk 00:00:14]} {[%emt
00:00:04]} Rd2+ {[%clk 00:00:16]} {[%emt 00:00:01]} 63. Ke5 {[%clk 00:00:08]}
{[%emt 00:00:12]} Bd1 {[%clk 00:00:09]} {[%emt 00:00:11]} 64. b7 {[%clk
00:00:09]} {[%emt 00:00:05]} Rb2 {[%clk 00:00:13]} {[%emt 00:00:01]} 65. Nd6
{[%clk 00:00:12]} {[%emt 00:00:02]} Bf3 {[%clk 00:00:15]} {[%emt 00:00:02]} 66.
Ne4 {[%clk 00:00:13]} {[%emt 00:00:04]} Rb5+ {[%clk 00:00:18]} {[%emt
00:00:02]} 67. Kf4 {[%clk 00:00:14]} {[%emt 00:00:04]} Bh1 {[%clk 00:00:16]}
{[%emt 00:00:07]} 68. Nf6+ {[%clk 00:00:15]} {[%emt 00:00:05]} Kg7 {[%clk
00:00:20]} {[%emt 00:00:01]} 69. Rg8+ {[%clk 00:00:08]} {[%emt 00:00:12]} Kxf6
{[%clk 00:00:20]} {[%emt 00:00:05]} 70. b8=Q {[%emt 00:00:03]} Rxb8 {[%clk
00:00:19]} {[%emt 00:00:04]} 71. Rxb8 {[%clk 00:00:16]} Bd5 {[%clk 00:00:21]}
72. Rb5 {[%clk 00:00:19]} {[%emt 00:00:02]} Be6 {[%clk 00:00:25]} {[%emt
00:00:02]} 73. Rb6 {[%clk 00:00:24]} Kf7 {[%clk 00:00:19]} {[%emt 00:00:10]} 74.
Ke5 {[%clk 00:00:28]} {[%emt 00:00:01]} Ba2 {[%clk 00:00:23]} 75. Ra6 {[%clk
00:00:31]} {[%emt 00:00:02]} Bb3 {[%clk 00:00:26]} {[%emt 00:00:02]} 76. Rf6+
{[%clk 00:00:35]} Kg7 {[%clk 00:00:30]} {[%emt 00:00:01]} 77. Rb6 {[%clk
00:00:39]} {[%emt 00:00:01]} Ba2 {[%clk 00:00:34]} {[%emt 00:00:02]} 78. Kf5
{[%clk 00:00:43]} {[%emt 00:00:01]} Bc4 {[%clk 00:00:37]} {[%emt 00:00:01]} 79.
Rb7+ {[%clk 00:00:46]} {[%emt 00:00:02]} Kh8 {[%clk 00:00:38]} {[%emt
00:00:04]} 80. Kg6 {[%clk 00:00:48]} {[%emt 00:00:03]} Ba2 {[%clk 00:00:27]}
{[%emt 00:00:15]} 81. Rh7+ {[%clk 00:00:51]} {[%emt 00:00:04]} Kg8 {[%clk
00:00:31]} 82. Ra7 {[%clk 00:00:51]} {[%emt 00:00:05]} Bb1+ {[%clk 00:00:34]}
{[%emt 00:00:02]} 83. Kf6 {[%clk 00:00:55]} {[%emt 00:00:01]} Kh8 {[%clk
00:00:28]} {[%emt 00:00:11]} 84. Ra8+ {[%clk 00:00:58]} {[%emt 00:00:03]} Kh7
{[%clk 00:00:31]} {[%emt 00:00:01]} 85. Rb8 {[%clk 00:00:59]} {[%emt 00:00:04]}
Ba2 {[%clk 00:00:32]} {[%emt 00:00:03]} 86. Rb7+ {[%clk 00:01:01]} {[%emt
00:00:04]} Kh8 {[%clk 00:00:35]} {[%emt 00:00:02]} 87. Kg6 {[%clk 00:01:04]}
{[%emt 00:00:03]} Bg8 {[%clk 00:00:38]} 88. Rg7 {[%clk 00:01:04]} {[%emt
00:00:05]} Bd5 {[%clk 00:00:38]} {[%emt 00:00:04]} 89. Rh7+ {[%clk 00:00:57]}
{[%emt 00:00:12]} Kg8 {[%clk 00:00:43]} 90. Rh4 {[%clk 00:00:56]} {[%emt
00:00:07]} Ba2 {[%emt 00:00:04]} 91. Kf6 {[%clk 00:00:56]} {[%emt 00:00:05]}
Bb3 {[%clk 00:00:44]} {[%emt 00:00:04]} 92. Rg4+ {[%clk 00:00:59]} {[%emt
00:00:02]} Kh8 {[%clk 00:00:47]} {[%emt 00:00:02]} 93. Rg2 {[%clk 00:01:02]}
{[%emt 00:00:02]} Bg8 {[%clk 00:00:48]} {[%emt 00:00:04]} 94. Kg6 {[%clk
00:01:05]} {[%emt 00:00:02]} Bh7+ {[%clk 00:00:49]} {[%emt 00:00:04]} 95. Kh6
{[%clk 00:01:07]} {[%emt 00:00:02]} Bg8 {[%clk 00:00:43]} {[%emt 00:00:11]} 96.
Kg6 {[%clk 00:00:42]} {[%emt 00:00:32]} Bc4 {[%clk 00:00:46]} {[%emt 00:00:01]}
97. Rg3 {[%clk 00:00:40]} {[%emt 00:00:08]} Ba2 {[%clk 00:00:45]} {[%emt
00:00:05]} 98. Rh3+ {[%clk 00:00:38]} {[%emt 00:00:07]} Kg8 {[%clk 00:00:50]}
99. Rh1 {[%clk 00:00:42]} Bf7+ {[%clk 00:00:49]} {[%emt 00:00:06]} 100. Kf6
{[%clk 00:00:45]} {[%emt 00:00:01]} Bb3 {[%clk 00:00:49]} {[%emt 00:00:03]} 101.
Rh3 {[%clk 00:00:49]} {[%emt 00:00:03]} Ba2 {[%clk 00:00:50]} {[%emt 00:00:04]}
102. Rf3 {[%clk 00:00:44]} {[%emt 00:00:10]} Bd5 {[%clk 00:00:50]} {[%emt
00:00:04]} 103. Rf5 {[%clk 00:00:46]} {[%emt 00:00:04]} Ba2 {[%clk 00:00:54]}
{[%emt 00:00:02]} 104. Rf4 {[%clk 00:00:47]} {[%emt 00:00:03]} Bb3 {[%clk
00:00:56]} {[%emt 00:00:03]} 105. Rb4 {[%clk 00:00:47]} {[%emt 00:00:05]} Ba2
{[%clk 00:00:58]} {[%emt 00:00:03]} 106. Rb8+ {[%clk 00:00:51]} {[%emt
00:00:01]} Kh7 {[%clk 00:01:03]} {[%emt 00:00:01]}  1/2-1/2

[Event "Storsjodraget 2022"]
[Site "Ostersund"]
[Date "2022.06.10"]
[Round "3"]
[Board "9"]
[White "Pettersson, Tobias"]
[Black "Lilliehook, Victor"]
[Result "1-0"]
[WhiteElo "2035"]
[BlackElo "1648"]
[PlyCount "0"]
[EventDate "2022.06.10"]
[EventRounds "7"]
[EventCountry "SWE"]

1. d4 {[%clk 00:15:02]} {[%emt 00:00:07]} Nf6 {[%clk 00:15:08]} {[%emt
00:00:03]} 2. c4 {[%clk 00:14:52]} {[%emt 00:00:14]} e6 {[%clk 00:15:11]}
{[%emt 00:00:02]} 3. Nf3 {[%clk 00:14:53]} {[%emt 00:00:03]} b6 {[%clk
00:15:15]} {[%emt 00:00:03]} 4. a3 {[%clk 00:14:51]} {[%emt 00:00:07]} Bb7
{[%clk 00:15:12]} {[%emt 00:00:07]} 5. g3 {[%clk 00:14:38]} {[%emt 00:00:18]}
Be7 {[%clk 00:14:39]} {[%emt 00:00:38]} 6. Bg2 {[%clk 00:14:40]} {[%emt
00:00:03]} O-O {[%clk 00:13:53]} {[%emt 00:00:51]} 7. Nc3 {[%clk 00:14:42]}
{[%emt 00:00:03]} d5 {[%clk 00:13:38]} {[%emt 00:00:21]} 8. O-O {[%clk
00:14:03]} {[%emt 00:00:43]} c5 {[%clk 00:09:45]} {[%emt 00:03:59]} 9. dxc5
{[%clk 00:13:44]} {[%emt 00:00:23]} bxc5 {[%clk 00:09:00]} {[%emt 00:00:51]} 10.
e3 {[%clk 00:11:59]} {[%emt 00:01:49]} dxc4 {[%clk 00:08:09]} {[%emt 00:00:56]}
11. Qa4 {[%clk 00:11:54]} {[%emt 00:00:10]} Qd7 {[%clk 00:07:30]} {[%emt
00:00:45]} 12. Qc2 {[%clk 00:11:45]} {[%emt 00:00:14]} Qd3 {[%clk 00:06:09]}
{[%emt 00:01:26]} 13. Qa4 {[%clk 00:11:34]} {[%emt 00:00:15]} Ne4 {[%clk
00:02:39]} {[%emt 00:03:35]} 14. Rd1 {[%clk 00:08:57]} {[%emt 00:02:41]} Nxc3
{[%clk 00:02:37]} {[%emt 00:00:08]} 15. bxc3 {[%clk 00:09:00]} {[%emt
00:00:03]} Qxc3 {[%clk 00:02:25]} {[%emt 00:00:17]} 16. Bd2 {[%clk 00:06:37]}
{[%emt 00:02:28]} Qb3 {[%clk 00:01:53]} {[%emt 00:00:38]} 17. Qxb3 {[%clk
00:06:32]} {[%emt 00:00:09]} cxb3 {[%clk 00:01:57]} {[%emt 00:00:01]} 18. Rab1
{[%clk 00:06:02]} {[%emt 00:00:35]} c4 {[%clk 00:01:53]} {[%emt 00:00:09]} 19.
Bb4 {[%clk 00:05:42]} {[%emt 00:00:24]} Bxb4 {[%clk 00:01:50]} {[%emt
00:00:09]} 20. axb4 {[%clk 00:05:46]} {[%emt 00:00:01]} Be4 {[%clk 00:01:40]}
{[%emt 00:00:15]} 21. Rb2 {[%clk 00:05:08]} {[%emt 00:00:43]} Na6 {[%clk
00:01:21]} {[%emt 00:00:24]} 22. Rd4 {[%clk 00:04:50]} {[%emt 00:00:23]} Bd3
{[%clk 00:00:56]} {[%emt 00:00:30]} 23. Ne1 {[%clk 00:04:37]} {[%emt 00:00:18]}
e5 {[%clk 00:00:44]} {[%emt 00:00:17]} 24. Rxd3 {[%clk 00:04:33]} {[%emt
00:00:08]} cxd3 {[%clk 00:00:41]} {[%emt 00:00:09]} 25. Bxa8 {[%clk 00:04:34]}
{[%emt 00:00:04]} Rxa8 {[%clk 00:00:35]} {[%emt 00:00:11]} 26. Nxd3 {[%clk
00:04:34]} {[%emt 00:00:04]} e4 {[%clk 00:00:28]} {[%emt 00:00:13]} 27. Nc5
{[%clk 00:04:26]} {[%emt 00:00:12]} Nxc5 {[%clk 00:00:29]} {[%emt 00:00:05]} 28.
bxc5 {[%clk 00:04:26]} {[%emt 00:00:06]} Rb8 {[%clk 00:00:19]} {[%emt
00:00:14]} 29. c6 {[%clk 00:04:24]} {[%emt 00:00:07]} Kf8 {[%clk 00:00:16]}
{[%emt 00:00:08]} 30. c7 {[%clk 00:04:27]} {[%emt 00:00:02]} Rc8 {[%clk
00:00:21]} 31. Rxb3 {[%clk 00:04:31]} {[%emt 00:00:01]} Rxc7 {[%clk 00:00:25]}
32. Ra3 {[%clk 00:03:58]} {[%emt 00:00:37]} Ke7 {[%clk 00:00:22]} {[%emt
00:00:08]} 33. Ra6 {[%clk 00:04:01]} {[%emt 00:00:03]} f5 {[%clk 00:00:12]}
{[%emt 00:00:17]} 34. h4 {[%clk 00:04:01]} {[%emt 00:00:03]} g6 {[%clk
00:00:14]} {[%emt 00:00:04]} 35. Kf1 {[%clk 00:03:46]} {[%emt 00:00:18]} Kd7
{[%clk 00:00:16]} {[%emt 00:00:04]} 36. Ke2 {[%clk 00:03:38]} {[%emt 00:00:13]}
Kc8 {[%clk 00:00:21]} 37. h5 {[%clk 00:03:30]} {[%emt 00:00:14]} Kb7 {[%clk
00:00:19]} {[%emt 00:00:07]} 38. Rf6 {[%clk 00:03:25]} {[%emt 00:00:08]} Rg7
{[%clk 00:00:16]} {[%emt 00:00:09]} 39. h6 {[%clk 00:03:22]} {[%emt 00:00:07]}
Rd7 {[%clk 00:00:18]} {[%emt 00:00:03]} 40. Rf8 {[%clk 00:03:25]} {[%emt
00:00:02]} g5 {[%clk 00:00:13]} {[%emt 00:00:10]} 41. Rg8 {[%clk 00:03:27]}
{[%emt 00:00:02]} Rd6 {[%clk 00:00:09]} {[%emt 00:00:11]} 42. Rg7+ {[%clk
00:03:20]} {[%emt 00:00:12]} Ka6 {[%clk 00:00:13]} {[%emt 00:00:01]} 43. Rxh7
{[%clk 00:03:23]} {[%emt 00:00:01]} Ka5 {[%clk 00:00:13]} {[%emt 00:00:06]} 44.
Rf7 {[%clk 00:03:22]} {[%emt 00:00:05]} Kb6 {[%clk 00:00:15]} {[%emt 00:00:04]}
45. h7 {[%clk 00:03:19]} {[%emt 00:00:08]} Rh6 {[%clk 00:00:19]} 46. Rxf5
{[%clk 00:03:20]} {[%emt 00:00:04]} Rxh7 {[%clk 00:00:23]} 47. Rxg5 {[%clk
00:03:24]} Re7 {[%clk 00:00:25]} {[%emt 00:00:04]} 48. Kd2 {[%clk 00:03:21]}
{[%emt 00:00:08]} a5 {[%clk 00:00:27]} {[%emt 00:00:03]} 49. Kc3 {[%clk
00:03:24]} {[%emt 00:00:01]} Rf7 {[%clk 00:00:29]} {[%emt 00:00:03]} 50. Re5
{[%clk 00:03:21]} {[%emt 00:00:09]} Rxf2 {[%clk 00:00:25]} {[%emt 00:00:09]} 51.
Rxe4 {[%clk 00:03:23]} {[%emt 00:00:02]} Rg2 {[%clk 00:00:24]} {[%emt
00:00:06]} 52. g4 {[%clk 00:03:24]} {[%emt 00:00:04]} a4 {[%clk 00:00:19]}
{[%emt 00:00:11]} 53. Rxa4 {[%clk 00:03:26]} {[%emt 00:00:02]} Rg3 {[%clk
00:00:20]} {[%emt 00:00:04]} 54. Kd3 {[%clk 00:03:29]} {[%emt 00:00:02]} Kc6
{[%clk 00:00:24]} {[%emt 00:00:01]} 55. Rd4 {[%clk 00:03:31]} {[%emt 00:00:02]}
Kc5 {[%clk 00:00:24]} {[%emt 00:00:06]} 56. Ke2 {[%clk 00:03:33]} {[%emt
00:00:03]} Kc6 {[%clk 00:00:24]} {[%emt 00:00:06]} 57. Kf2 {[%clk 00:03:36]}
{[%emt 00:00:01]} Rh3 {[%clk 00:00:26]} {[%emt 00:00:03]} 58. g5 {[%clk
00:03:33]} {[%emt 00:00:08]} Rh7 {[%clk 00:00:15]} {[%emt 00:00:16]} 59. Kf3
{[%clk 00:03:27]} {[%emt 00:00:11]} Rg7 {[%clk 00:00:16]} {[%emt 00:00:05]} 60.
Kf4 {[%clk 00:03:24]} {[%emt 00:00:07]} Rg8 {[%clk 00:00:08]} {[%emt 00:00:13]}
61. Kg4 {[%clk 00:03:13]} {[%emt 00:00:16]} Re8 {[%clk 00:00:09]} {[%emt
00:00:05]} 62. e4 {[%clk 00:03:09]} {[%emt 00:00:08]} Kc5 {[%clk 00:00:10]}
{[%emt 00:00:05]} 63. Rd5+ {[%clk 00:03:13]} {[%emt 00:00:01]} Kc6 {[%clk
00:00:14]} {[%emt 00:00:01]} 64. Kf5 {[%clk 00:03:09]} {[%emt 00:00:08]} Rg8
{[%clk 00:00:09]} {[%emt 00:00:11]} 65. g6 {[%clk 00:03:10]} {[%emt 00:00:04]}
Re8 {[%clk 00:00:10]} {[%emt 00:00:04]} 66. g7 {[%emt 00:00:31]}  1-0